Statistics for Cyprus Country Quiz

Click here to take the quiz!

General Stats

  • This quiz has been taken 84 times
  • The average score is 10 of 16

Answer Stats

HintAnswer% Correct
Capital & largest cityNicosia
99%
Official languageGreek
99%
Official languageTurkish
95%
Currencyeuro
92%
Became independent from which country in 1960United Kingdom
86%
1st item on Cypriot flagmap of Cyprus
75%
2nd cityL{imassol}
73%
4th cityL{arnaca}
71%
5th cityF{amagusta}
61%
2nd item on Cypriot flagolive branches
58%
First president, 1960-1977Archbishop {Makarios}
47%
UN Buffer Zone's name{Green} Line
46%
Southern part{Republic} of {Cyprus}
35%
Turk-aligned northNorthern Cyprus
35%
3rd cityS{trovolos}
18%
Event Cyprus won its only Olympic medal, in 2012Sailing
15%

Score Distribution

Percentile by Number Answered

Percent of People with Each Score

Your Score History

You have not taken this quiz